000 00431nam a2200157Ia 4500
005 20250423101734.0
008 250422s9999 xx 000 0 und d
020 _a9789211127751
050 _aHG 4538 .W673/
245 0 _aWorld investment report 2009 : transnational corporations, agricultural production and development
260 _aNew York
260 _bUnited Nations
260 _c2009
300 _a280 p
942 _cBK
999 _c37135
_d37135